Statistics for Grammy Award for Song of the Year

Click here to take the quiz!

General Stats

  • This quiz has been taken 37 times
  • The average score is 29 of 64

Answer Stats

YearSongPerformer/s% Correct
2017"Hello"Adele
97%
2012"Rolling in the Deep"Adele
97%
2010"Single Ladies (Put a Ring on It)"Beyoncé
88%
2024"What Was I Made For?"Billie Eilish
88%
2020"Bad Guy"Billie Eilish
88%
2009"Viva la Vida"Coldplay
88%
2014"Royals"Lorde
84%
2008"Rehab"Amy Winehouse
81%
2015"Stay with Me"Sam Smith
81%
2016"Thinking Out Loud"Ed Sheeran
75%
2006"Sometimes You Can't Make It on Your Own"U2
72%
2001"Beautiful Day"U2
72%
1999"My Heart Will Go On"Céline Dion
69%
1984"Every Breath You Take"The Police
69%
2018"That's What I Like"Bruno Mars
63%
2019"This Is America"Childish Gambino
63%
2022"Leave the Door Open"Silk Sonic
63%
2013"We Are Young"Fun feat. Janelle Monáe
59%
1969"Little Green Apples"O. C. Smith
59%
1985"What's Love Got to Do with It"Tina Turner
59%
1997"Change the World"Eric Clapton
56%
1993"Tears in Heaven"Eric Clapton
56%
1996"Kiss from a Rose"Seal
53%
2000"Smooth"Santana feat. Rob Thomas
50%
1971"Bridge over Troubled Water"Simon & Garfunkel
50%
1995"Streets of Philadelphia"Bruce Springsteen
47%
1973"The First Time Ever I Saw Your Face"Roberta Flack
47%
1974"Killing Me Softly with His Song"Roberta Flack
47%
2002"Fallin'"Alicia Keys
44%
1967"Michelle"The Beatles
44%
1978"Evergreen (Love Theme from A Star Is Born)"Barbra Streisand
41%
1975"The Way We Were"Barbra Streisand
41%
1981"Sailing"Christopher Cross
38%
1972"You've Got a Friend"James Taylor & Carole King
38%
1982"Bette Davis Eyes"Kim Carnes
38%
2011"Need You Now"Lady Antebellum
38%
1992"Unforgettable"Natalie Cole (With Nat King Cole)
38%
1991"From a Distance"Bette Midler
34%
1990"Wind Beneath My Wings"Bette Midler
34%
1979"Just the Way You Are"Billy Joel
34%
1983"Always on My Mind"Willie Nelson
34%
1977"I Write the Songs"Barry Manilow
31%
1989"Don't Worry, Be Happy"Bobby McFerrin
31%
2007"Not Ready to Make Nice"Dixie Chicks
31%
2003"Don't Know Why"Norah Jones
31%
1965"Hello, Dolly!"Louis Armstrong
28%
2005"Daughters"John Mayer
25%
1994"A Whole New World"Peabo Bryson & Regina Belle
25%
2023"Just Like That"Bonnie Raitt
22%
"You Light Up My Life"Debby Boone
22%
1980"What a Fool Believes"The Doobie Brothers
22%
1962"Moon River"Henry Mancini
19%
1964"Days of Wine and Roses"Henry Mancini
19%
2021"I Can't Breathe"H.E.R.
19%
1976"Send In the Clowns"Judy Collins
19%
2004"Dance with My Father"Luther Vandross
19%
1968"Up, Up and Away"The 5th Dimension
19%
1963"What Kind of Fool Am I?"Sammy Davis Jr.
16%
1998"Sunny Came Home"Shawn Colvin
16%
1959"Nel Blu Dipinto Di Blu (Volare)"Domenico Modugno
6%
1970"Games People Play"Joe South
6%
1960"The Battle of New Orleans"Johnny Horton
6%
1988"Somewhere Out There"Linda Ronstadt & James Ingram
6%
1966"The Shadow of Your Smile"Tony Bennett
6%

Score Distribution

Percentile by Number Answered

Percent of People with Each Score

Your Score History

You have not taken this quiz